000
00317pab a2200133 454500
008
180718b1996 xxu||||| |||| 00| 0 eng d
245
_a
SPECIAL issue on world AIDS day
260
_c
1996
300
_a
p.2-40
362
_a
Nov-Dec
650
_a
Health services
773
_a
Health for the Millions
909
_a
32937
999
_c
32937
_d
32937